Регионална библиотека "Любен Каравелов" - Русе

Onward : from the movie (Запис номер 521187)

MARC детайли
000 -Лидер
Лидер 01021nam a2200301 a 4500
003 - Код на организацията, давaща контролен номер
Код на организацията, даваща контролен номер BLK
005 - Дата и час на последна редакция
Дата и час на последна редакция 20241108134919.0
007 - Фиксирано поле за физическо описани
Физическо описание ta
008 - Елементи от данни с фиксирана дължина
Елементи с фиксирана дължина 241105b bu |||||r|||| 00| | bu d
020 ## - Международен стандартен номер на книга ISBN
ISBN 9781292346960
040 ## - Източник на каталожния запис
Код на библиотеката BLK
041 ## - Код за език
Език Английски
Език за КДБФ Английски
080 ## - УДК
9 (RLIN) 226879
УДК текст Английски език
УДК код 811.111
УДК – определител (048.6)
УДК – код + определител 811.111(048.6)
084 ## - Класификационен индекс по друга класификация
Авторски знак Edw - E 26
100 ## - Редна дума - Автор
R(LIN) 381416
Автор Edwards, Lynda
245 ## - Сведения за заглавието
Заглавие Onward : from the movie
Подзаглавни данни A2+-B1
Авторска отговорност Lynda Edwards
260 ## - Област на издателските данни
Място на издаване Harlow
9 (RLIN) 209830
Име на издателя Pearson Education
Година на издаване 2021
300 ## - Физическа характеристика
Брой страници 44 p.
Илюстрации ill.
Размер 23 cm
380 ## - Жанр
Жанр Детска отраслова лит.
490 ## - СЕРИИ (Колекции)
9 (RLIN) 495900
Серия Pearson English Kids readers
Номер в серията Level 6
490 ## - СЕРИИ (Колекции)
9 (RLIN) 206211
Серия Disney / Pixar
650 #0 - Допълнително описание по предмет – тема
9 (RLIN) 337534
Предметна рубрика Английски език - за деца - адаптирани книги
653 ## - Ключова дума – ненормативна
9 (RLIN) 180438
Ключови думи адаптирани книги
852 ## - Местоположение
Сигнатура (форматна) ДН 811.111(048.6)/E 26 L
Отдел Детски отдел
856 ## - Електронен адрес и достъп
Инструкция (цена за достъп) 0.00
Права за достъп disable
942 ## - АРТИКУЛИ
Вид на библиотечния документ Книги
Скрит в OPAC Не
Koha issues (borrowed), all copies 1
944 ## - СЪЗДАВАНЕ И РЕДАКЦИЯ на ЗАПИСА
Дата на регистрацията/редакция Геновева Генчева
Служител, извършил регистрацията/редакцията 30543
Номер на служител Ива Цветкова
Създаване/Редакция
999 ## - СИСТЕМНИ КОНТРОЛНИ НОМЕРА
Koha biblionumber 521187
Koha biblioitemnumber 521187
Наличности
Код за отписване Код за изгубен артикул Източник на класификационната схема Код за повреда Код за отдаване Артикулен № Име на библиотеката - собственик Име на библиотеката, в която се намира в момента Статус (Текущо местоположение) Дата на вписване в системата Местоположение - отдел Цена в лева Инвентарен номер Систематично азбучна сигнатура Баркод Цена в евро Служебен тип на артикула
  Не е изгубен Universal Decimal Classification Не е повреден заемане за дома 954284 Регионална библиотека "Любен Каравелов" Русе Регионална библиотека "Любен Каравелов" Русе Детски отдел 2024-11-07 Детски отдел 11.82 120000914989 ДН 811.111(048.6)/E 26 L 120000914989 6.04 Книги
  Не е изгубен Universal Decimal Classification Не е повреден заемане за дома 954285 Регионална библиотека "Любен Каравелов" Русе Регионална библиотека "Любен Каравелов" Русе Детски отдел 2024-11-07 Детски отдел 11.82 120000914990 ДН 811.111(048.6)/E 26 L 120000914990 6.04 Книги
Vip Innovations Ltd, Rousse, Bulgaria 2025